00486nam a2200181Ia 4500003000400000008004100004040001600045082001500061100002000076245005400096260004800150300001000198650002300208650001200231650001400243650002500257650002200282GCL140319s9999 xx 000 0 eng d aGCL / cGCL04a820.8bC O1 aCRAIG, PATRICIA10aTHE OXFORD BOOK OF SCHOOLDAYS / cCRAIG, PATRICIA a[S.N] : bOXFORD UNIVERSITY PRESS ، c1994 a430 P04aENGLISH LITERATURE04aSCHOOLS04aEDUCATION04aLITARARY COLLECTIONS04aSCHOOL LITERATURE